000 00662nam a2200241Ia 4500
003 OSt
005 20221006160805.0
006 a|||||r|||| 00| 0
007 ta
008 221006b |||||||| |||| 00| 0 eng d
020 _a9780199860142
_c
_29.95
024 _a46,376
037 _cTextual
040 _aEASL
_cEASL
_beng
041 _2eng
_aeng
082 _aV41:191,(X).P3, Q3
100 _aSHAMBAUGH David
245 0 _aChina Goes Global
_bThe partial power
260 _aNew York
_bOxford Universty Press
_c2013
300 _a409p.
_ccm.
942 _hV41:191,(X).P3, Q3
_cTEXL
_2CC
999 _c1114466
_d1114466